| 000 | 00408 a2200157 4500 | ||
|---|---|---|---|
| 003 | NUST | ||
| 005 | 20221205144026.0 | ||
| 040 | _cNust | ||
| 082 | _a070.442,GAU | ||
| 100 |
_aGauhar, Altaf _946332 |
||
| 245 |
_aThoughts and After Thoughts / _cAltaf Gauhar |
||
| 260 |
_alahore _bSang-E- Meel _c1998 |
||
| 300 | _a480p .: | ||
| 505 | _aHistory Of Pakistan from 1993 to 1996 | ||
| 942 |
_2ddc _cBK _k070.442,GAU |
||
| 999 |
_c193662 _d193662 |
||